Normal view
MARC view
- Nydick, Robert L
Entry Personal Name
001 - CONTROL NUMBER
- control field: 55660
003 - CONTROL NUMBER IDENTIFIER
- control field: NUST
005 - DATE AND TIME OF LATEST TRANSACTION
- control field: 20210628201528.0
008 - FIXED-LENGTH DATA ELEMENTS
- fixed length control field: 210628|| aca||aabn | a|a d
040 ## - CATALOGING SOURCE
- Original cataloging agency: NUST
- Transcribing agency: NUST
100 ## - HEADING--PERSONAL NAME
- Personal name: Nydick, Robert L
670 ## - SOURCE DATA FOUND
- Source citation: Work cat.: (NUST): Liberatore, Matthew J., 1950- 55658, Decision technology :modeling, software, and application, c2003.
